| 000 | 01019cam a2200229 4500 | ||
|---|---|---|---|
| 001 | ABS67101 | ||
| 008 | 031002n2003 000 0 eng u | ||
| 035 | _a(Sirsi) u123810 | ||
| 100 | _aVara, B. | ||
| 245 | _aAvoiding the negligence traps | ||
| 260 | _c2003 | ||
| 490 |
_aProperty Week _v68(33) 22 August 2003, 34-35 (2) |
||
| 520 | _aLooks at professional negligence cases against surveyors and property lawyers. Provides examples of recent cases handled by the authors firm. Covers the three elements that a party has to show if it wishes to sue; duty, breach and damage. Provides basic guidance and comment on a number of cases with brief commentary. | ||
| 590 | _aABS | ||
| 650 | _aNEGLIGENCE | ||
| 650 | _aMCKINNON AND ANOTHER V E.SURV LTD | ||
| 650 | _aMOTOR CROWN PETROLEUM LTD V S J BERWIN AND CO AND ANOTHER | ||
| 650 | _aTHEODORE GODDARD V FLETCHER KING SERVICES | ||
| 650 | _aCREDIT LYONNAIS SA V RUSSELL JONES AND WALKER | ||
| 690 | _aPROFESSIONAL PRACTICE-NEGLIGENCE-CASE LAW | ||
| 942 | _n0 | ||
| 999 |
_c73528 _d73528 |
||